Largest Cities in Mediterranean Countries - Statistics

General Stats
  • This quiz has been taken 39 times
    38 since last reset
  • The average score is 15 of 20
Answer Stats
Population City % Correct
3,500,000 Athens
95%
21,500,000 Cairo
95%
16,200,000 Istanbul
95%
3,500,000 Rome
95%
4,025,000 Algiers
92%
6,700,000 Madrid
92%
4,875,000 Barcelona
89%
11,400,000 Paris
89%
2,725,000 Tunis
89%
5,950,000 Alexandria
84%
4,550,000 Casablanca
81%
6,150,000 Milan
81%
4,150,000 Naples
81%
2,725,000 Tel Aviv
76%
5,150,000 Ankara
73%
3,900,000 Damascus
70%
3,050,000 Izmir
68%
2,075,000 Rabat
54%
2,125,000 Bursa
27%
2,025,000 Gaza
22%
No matching quizzes found
Score Distribution
Percent of People with Each Score
Percentile by Number Answered
Your Score History
You have not taken this quiz since the last reset